| 000 | 00328nam a2200121Ia 4500 | ||
|---|---|---|---|
| 008 | 220204s9999 xx 000 0 und d | ||
| 082 |
_a002.60625 _bWHI |
||
| 100 | _aWhite, John A | ||
| 245 | 0 | _aPriniciples of engineering economic analysis | |
| 260 |
_aNew York _bJohn Wiley _c1977 |
||
| 650 | _aEngineering economy | ||
| 942 | _cBK | ||
| 999 |
_c28514 _d28514 |
||